The Devil's conference (Iblis ki majlis-i-shura) (Record no. 549433)
[ view plain ]
| 000 -LEADER | |
|---|---|
| fixed length control field | 00629cam a22001457 4500 |
| 082 ## - DEWEY DECIMAL CLASSIFICATION NUMBER | |
| Classification number | 891.4391 |
| Author Mark | IQB |
| -- | L-29, P-158 |
| 100 1# - MAIN ENTRY--PERSONAL NAME | |
| Personal name | Iqbal, Muhammad, |
| 9 (RLIN) | 9 |
| 245 04 - TITLE STATEMENT | |
| Title | The Devil's conference (Iblis ki majlis-i-shura) |
| Remainder of title | a highly thought-stimulating poem. |
| Statement of responsibility, etc. | Translated from the original Urdu with introd. and annotations by Muhammad Ashraf with a foreword by Muhammad Razi-ud-Din Siddiqi, and an introd. by Sir Shaikh ʻAbdul Qadir. |
| 250 ## - EDITION STATEMENT | |
| Edition statement | [1st ed.] |
| 260 ## - PUBLICATION, DISTRIBUTION, ETC. | |
| Place of publication, distribution, etc. | Gujrat (Pakistan), |
| Name of publisher, distributor, etc. | Urdu House, |
| Date of publication, distribution, etc. | 1371 H. [i.e. 1951] |
| 300 ## - PHYSICAL DESCRIPTION | |
| Extent | 158 p. |
| 526 ## - STUDY PROGRAM INFORMATION NOTE | |
| Program name | 0 |
| Interest level | 0 |
| Reading level | 0 |
| Title point value | 891_439100000000000_IQB |
| 650 ## - SUBJECT ADDED ENTRY--TOPICAL TERM | |
| Topical term or geographic name entry element | MCE |
| 9 (RLIN) | 379 |
| 942 ## - ADDED ENTRY ELEMENTS (KOHA) | |
| Source of classification or shelving scheme | |
| Koha item type | Book |
| Withdrawn status | Lost status | Source of classification or shelving scheme | Damaged status | Not for loan | Permanent Location | Current Location | Date acquired | Total Checkouts | Full call number | Barcode | Date last seen | Date last checked out | Price effective from | Koha item type |
|---|---|---|---|---|---|---|---|---|---|---|---|---|---|---|
| Military College of Engineering (MCE) | Military College of Engineering (MCE) | 09/25/2014 | 1 | 891.4391 IQB | MCE-11026 | 03/26/2018 | 02/19/2018 | 09/25/2014 | Book |
